000 01110cab a2200241 4500
001 WB3312-35
008 090401t1997 xxu||||| |||| 00| 0 eng d
035 _a(Sirsi) u77197
041 _aeng
245 _aDetermination of lease
260 _c1997
350 _a0
490 _aEstates Gazette Case Summaries
_v1997 EGCS 30 (15/3/97)
520 _a"Axa Equity & Law Life Assurance Society plc v Wootton and others" ChD 27 February 1997. Landlord granted lease to partners in a solicitor`s firm. Lease contained term that retiring partners be exempt from obligations under the lease. One partner gave notice of intention to retire. The remaining partners gave joint notice to retire later on same day. Decision whether or not partners had retired and firm was dissolved and therefore were still liable for lease. Judgment for the landlord.
650 _aDETERMINATION OF LEASE
650 _aLEASE OBLIGATIONS
650 _aNOTICE OF INTENTION
650 _aRETIREMENT
650 _aSOLICITORS
690 _aLANDLORD AND TENANT-CASE LAW-BUSINESS TENANCIES
942 _n0
948 _c19/03/1997
999 _c48521
_d48521